header

Transatlantic spiritualism and nineteenth-century American literature (Record no. 221248)

MARC details
000 -LEADER
fixed length control field 01415nam a2200349Ia 4500
100 1# - MAIN ENTRY--AUTHOR NAME
Personal name Bennett, Bridget.
245 10 - TITLE STATEMENT
Title Transatlantic spiritualism and nineteenth-century American literature
250 ## - EDITION STATEMENT
Edition statement 1st ed.
260 ## - PUBLICATION, DISTRIBUTION, ETC. (IMPRINT)
Place of publication New York :
Name of publisher Palgrave Macmillan,
Year of publication 2007.
300 ## - PHYSICAL DESCRIPTION
Number of Pages x, 247 p.
650 #0 - SUBJECT ADDED ENTRY--TOPICAL TERM
Topical Term Spiritualism in literature.
Topical Term American literature
Topical Term Spiritualism
Topical Term Literature and spiritualism
Topical Term Occultism in literature.
856 40 - ELECTRONIC LOCATION AND ACCESS
Uniform Resource Identifier http://site.ebrary.com/lib/rucke/Doc?id=10194083

No items available.

© 2026 Rongo University
Contact us: librarian | system librarian | Rongo university